| 000 | 00835nam a2200241Ia 4500 | ||
|---|---|---|---|
| 003 | OSt | ||
| 005 | 20220923221019.0 | ||
| 006 | a|||||r|||| 00| 0 | ||
| 007 | ta | ||
| 008 | 220922b |||||||| |||| 00| 0 hin d | ||
| 024 | _a193,790 | ||
| 037 | _cTextual | ||
| 040 |
_aARTS _cARTS _bhin |
||
| 041 |
_2hin _ahin |
||
| 082 | _aO152,3xN4, M8 | ||
| 100 |
_aसराफ, रामकली _9156291 |
||
| 245 | 0 |
_aसमकालीन हिन्दी कथा लेखिकाएं _b कहानी संग्रह |
|
| 246 | _aSamakālīn hindī kathā lekhikāean: kahānī sangraha | ||
| 260 |
_aवारााणसी _b अनुराग प्रका0 _c1988 |
||
| 300 |
_a271पृ. _ccm. |
||
| 942 |
_hO152,3xN4, M8 _cTEXL _2CC |
||
| 999 |
_c346211 _d346211 |
||